|
|
|
|
| LEADER |
01256nam a22002657a 4500 |
| 001 |
AAL8462 |
| 003 |
BD-DhAAL |
| 005 |
20160402200631.0 |
| 008 |
160402s 2011bg ||||| |||| 00| 0 ben d |
| 020 |
|
|
|a 9789845041348
|
| 040 |
|
|
|a BD-DhAAL
|c BD-DhAAL
|
| 082 |
|
|
|a 891/.4414
|
| 999 |
|
|
|c 37348
|d 37348
|
| 999 |
|
|
|c 37333
|
| 100 |
|
|
|a বিশ্বাস, মিল্টন
|9 18938
|
| 245 |
|
|
|a রবীন্দ্রনাথ ও ব্রিটিশরাজ /
|c মিল্টন বিশ্বাস
|
| 260 |
|
|
|a ঢাকা :
|b মূর্ধণ্য,
|c ২০১১
|
| 300 |
|
|
|a ৮০ পৃ. ;
|c ২১ সেমি.
|
| 490 |
|
|
|a রবীন্দ্র-স্মারক গ্রন্থমালা
|
| 541 |
|
|
|e 8462
|
| 600 |
|
|
|a Tagore, Rabindranath,
|d 1861-1941.
|9 18830
|
| 852 |
|
|
|a Savar Campus Library
|c General Shelf
|
| 942 |
|
|
|2 ddc
|c BK
|
| 952 |
|
|
|0 0
|1 0
|2 ddc
|4 0
|6 891_000000000000000__4414_BIS
|7 0
|9 58667
|a SCL
|b SCL
|c GEN
|d 2016-04-02
|e Gift: BLC, Savar
|g 120.00
|l 3
|m 1
|o 891.4414 BIS
|p 3020008462
|r 2025-08-31
|s 2025-08-27
|t 1
|w 2016-04-02
|y BK
|
| 952 |
|
|
|0 0
|1 0
|2 ddc
|4 0
|6 891_000000000000000__4414_BIS
|7 0
|9 62815
|a SCL
|b SCL
|c GEN
|d 2018-03-10
|e Gift: BLC, Savar
|g 120.00
|l 3
|m 4
|o 891.4414 BIS
|p 3020009494
|r 2026-04-22
|s 2025-09-02
|t 2
|w 2018-03-10
|y BK
|